| 000 | 00744nas a2200241 i 4500 | ||
|---|---|---|---|
| 001 | 605 | ||
| 003 | ES-MaACL | ||
| 005 | 20250812062549.0 | ||
| 008 | 950801d19031947xxkm| | 1 ||ng d | ||
| 080 | _a410 | ||
| 245 | 0 | 4 | _aBurlington magazine for connoisseurs. |
| 260 |
_aLondon, etc : _bThe Burlington Magazine, _c1903-1947 ( _fOdhams Limited ; Herbert Relach) |
||
| 300 |
_a45 v. : _bgrab ; _c32 cm. |
||
| 310 | _aMensual | ||
| 362 | 0 | _aVol. 1 (Mar. 1903)-v. 89 (Dec. 1947) = no. 1-537. | |
| 650 | 1 | 7 |
_aArte _2embne _910068 |
| 700 | 1 |
_aFry, Roger E., _edir. _9227486 |
|
| 700 | 0 |
_aCust, Lionel, _edir. _9227487 |
|
| 700 | 0 |
_aRead, Herbert. _995668 |
|
| 852 |
_aES-MaACL _jHem-213 |
||
| 866 | 0 | _o(1912)1913-34(1935). | |
| 999 |
_c605 _d605 |
||